Mujeres y desarrollo (Record no. 14943)

MARC details
000 -LEADER
campo de control de longitud fija 00946nam a2200253 i 4500
001 - NÚMERO DE CONTROL
campo de control 14943
003 - IDENTIFICADOR DE NÚMERO DE CONTROL
campo de control ES-MaACL
005 - FECHA Y HORA DE LA ÚLTIMA TRANSACCIÓN
campo de control 20230906150937.0
007 - CAMPO FIJO DE DESCRIPCIÓN FÍSICA--INFORMACIÓN GENERAL
campo de control de longitud fija t|
008 - DATOS DE LONGITUD FIJA--INFORMACIÓN GENERAL
campo de control de longitud fija 991122s1999 sp ||||1| spa d
020 ## - NÚMERO INTERNACIONAL ESTÁNDAR DEL LIBRO
Número Internacional Estándar del Libro 84-451-1597-9
080 ## - NÚMERO DE LA CLASIFICACIÓN DECIMAL UNIVERSAL
Número de la Clasificación Decimal Universal 396(4/6-015)(063)
111 2# - ENTRADA PRINCIPAL--NOMBRE DE CONGRESO/REUNIÓN
Nombre de congreso/reunión o jurisdicción como elemento de entrada Encuentros Euromediterráneos para el Desarrollo (
Número del congreso/reunión o número de parte o sección 2º.
Fecha del congreso o de la firma del tratado 1998.
Sede del congreso/Lugar de la reunión Rabat)
9 (RLIN) 639
245 10 - MENCIÓN DEL TÍTULO
Título Mujeres y desarrollo
Resto del título : II Encuentros Euromediterráneos para el Desarrollo /
Mención de responsabilidad, etc. coordina Paloma Sancho Martín.
260 ## - PUBLICACIÓN, DISTRIBUCIÓN, ETC.
Lugar de publicación, distribución, etc. Madrid :
Nombre del editor, distribuidor, etc. Dirección General de la Mujer,
Fecha de publicación, distribución, etc. 1999.
300 ## - DESCRIPCIÓN FÍSICA
Extensión 307 p. ;
Dimensiones 22 cm.
490 1# - MENCIÓN DE SERIE
Mención de serie Publicaciones ;
Designación de volumen o secuencia 9
650 14 - PUNTO DE ACCESO ADICIONAL DE MATERIA--TÉRMINO DE MATERIA
Término de materia o nombre geográfico como elemento de entrada Mujeres-
Subdivisión geográfica Mediterráneo (Región)-
Subdivisión de forma Congresos y asambleas.
9 (RLIN) 15303
700 1# - ENTRADA AGREGADA--NOMBRE PERSONAL
Nombre de persona Sancho Martín, Paloma.
9 (RLIN) 103046
710 1# - ENTRADA AGREGADA--NOMBRE DE ENTIDAD CORPORATIVA
Nombre de entidad corporativa o nombre de jurisdicción como elemento de entrada Madrid (Comunidad Autónoma).
Unidad subordinada Dirección General de la Mujer.
9 (RLIN) 5615
830 0# - PUNTO DE ACCESO ADICIONAL DE SERIE-TÍTULO UNIFORME
Título uniforme Publicaciones ;
Designación de volumen o secuencia 9
9 (RLIN) 179698
852 ## - LOCALIZACIÓN
Ubicación ES-MaACL
Número de control de estantería L-22196
Sublocalización o colección R.127594
Holdings
Estatus retirado Estado de pérdida Estado de daño No para préstamo Biblioteca de origen Biblioteca actual Ubicación en estantería Fecha de adquisición Fuente de adquisición Total de préstamos Signatura topográfica completa Código de barras Visto por última vez Precio de reemplazo Tipo de ítem Koha
        Biblioteca del Ateneo de Madrid Biblioteca del Ateneo de Madrid Depósito 2 17/01/2008     L-22196 1015194 23/02/2023 23/02/2023 Libro impreso